000 00448nam a2200157 a 4500
001 000034279
005 20200930073621.0
008 110929s2007 dr 000 0 spa d
020 _a9781597543088
040 _aDO-SdBNP
_bspa
_cBNPHU
100 1 _aFasciolo, Guillermina
_913501
245 1 0 _aVitrales sureƱos /
_cGuillermina Fasciolo.
260 _aBuenos Aires, Argentina :
_bLibros en Red,
_c2007.
300 _a71 p. ;
_c22 cm.
049 _aBNPD
999 _c33770
_d33770